000 00987nam a2200217 a 4500
005 20221014063943.0
008 060602s2005 mx r 000 0 spa d
020 _a9707291370
035 _aUPN01000145104
049 _aCG
050 4 _aRC554
_bK4.2
100 1 _aKernberg, Otto F.
245 1 0 _aAgresividad, narcisismo y autodestrucción en la relación psicoterapéutica :
_bnuevos desarrollos en psicopatología y psicoterapia de los trastornos graves de la personalidad /
_cOtto F. Kernberg ; tr. Susana Margarita Olivares Bari.
260 _aMéxico :
_bEl Manual Moderno,
_c2005.
300 _a252 p.
534 _pTítulo original:
_tAgrressivity, narcissism, and self-destructiveness in the psychotherapeutic relationship : new developments in the psychopathology and psychotherapy of severe personality disorders
650 4 _aTRASTORNOS DE LA PERSONALIDAD
_xDESORDENES
650 4 _aTERAPIA PSICOANALITICA
_95936
650 7 _aPsicopatología
_2
_945619
905 _aLibro
999 _c117251
_d117251